000 00933nam a22001817a 4500
001 10105
003 FISKH
005 20260408160528.0
008 260408b cb ||||| |||| 00| 0 eng d
040 _aFISKH
_bchi
_cFISKH
_dFISKH
082 _a895.1
100 _a【法】亚历克斯·固索
245 _a 小龙查理去上学 /
_cBy 【法】亚历克斯·固索
300 _a46 unnumbered pages :
_bcolor illustrations ;
_c38 cm .
520 _a《小龙查理去上学》讲述了一只可爱的小龙查理第一次去上学的故事。查理既兴奋又有些紧张,在学校里他遇到了新老师和同学,也经历了一些小挑战。通过一天的学习与互动,他逐渐适应了校园生活,学会了与他人相处,并勇敢面对陌生环境。 这本绘本通过温暖有趣的故事,帮助孩子缓解入学焦虑,培养勇气和社交能力。
942 _2ddc
_cBOOK
_n0
999 _c10105
_d10105